000 00739nam a2200205Ia 4500
003 GCL
008 140319s9999 xx 000 0 ara d
040 _aGCL /
_cGCL
082 0 4 _a813.01
_bم م
100 1 _aمحمد البساطى
245 1 0 _aمؤلفات محمد البساطى : الكبار والصغار حديث من الطابق الثالث , احلام رجال قصار , هذا الزمان /
_cمحمد البساطى
260 _a[S.N] :
_bالهيئة المصرية العامة للكتاب ،
_c1995
300 _a559 ص
490 _a
650 0 4 _aالادب العربى
650 0 4 _aالقصص العربية
650 0 4 _aالقصص القصيرة
650 0 4 _aالمجموعات
942 _2ddc
_cBK
999 _c37435
_d37435